Killington Runs - Statistics

General Stats
  • This quiz has been taken 4 times
  • The average score is 45 of 140
Answer Stats
Hint Answer % Correct
⧫⧫ Cascade
75%
🟢 Great Eastern
75%
🟢 | 🟦 Great Northern
75%
🟦 Home Stretch
75%
⧫⧫🌲 Juanita
75%
⧫⧫🌲 Julio
75%
◆ | 🟦 Royal Flush
75%
Superstar
75%
⧫⧫🌲 Anarchy
50%
🟦 Bear Claw
50%
🟢 Bear Cub
50%
🟢 Bearly
50%
🟦 Bear Trax
50%
⧫⧫🌲 Big Dipper
50%
🟦 Bittersweet
50%
🟦 Bunny Buster
50%
🟢 Caper
50%
⧫⧫ | 🟦 Catwalk
50%
⧫⧫🌲 Centerpiece
50%
🟦 Chute
50%
⧫⧫ Conclusion
50%
⧫⧫🌲 Devil's Den
50%
⧫⧫ Devil's Fiddle
50%
⧫⧫ | 🟦 Double Dipper
50%
⧫⧫ Downdraft
50%
◆ | 🟦 East Fall
50%
⧫⧫ Escapade
50%
Flume
50%
⧫⧫🌲 Growler
50%
🟦 Header
50%
Highline
50%
Jug Handle
50%
🟦 Launch Pad
50%
🟢 Learn-to-Ski
50%
🟦 Mouse Run
50%
Mouse Trap
50%
⧫⧫ Outer Limits
50%
◆ | ⧫⧫ Ovation
50%
Racer's Edge
50%
🟦 Rime
50%
◆🌲 Skyebits
50%
🟦 Skyeburst
50%
Skyelark
50%
⧫⧫ Skye Peak Liftline
50%
🟢 Snowshed Crossover
50%
🟦 Solitude
50%
◆ | 🟦 The Jug
50%
🟦 The Northway
50%
◆🌲 The Stairs
50%
🟦 Touch Down
50%
Valley Plunge
50%
◆ | ⧫⧫ Vertigo
50%
Wildfire
50%
🟢 Carpenter's Run
25%
◆🌲 Chop Chop
25%
🟦 Escape
25%
◆ | 🟦 Dream Maker
25%
🟢 Easy Street
25%
🟦 Full House
25%
🟦 Gateway
25%
◆ | 🟦 Great Bear
25%
🟢 Highlander
25%
🟢 Highridge
25%
🟦 High Road
25%
🟦 Home Run
25%
🟦 Killink
25%
◆🌲 Low Rider
25%
🟦 Low Road
25%
◆ | 🟦 Needle's Eye
25%
🟢 Northbrook Trail
25%
North Star
25%
◆🌲 Nowhere
25%
⧫⧫ OL Express
25%
Panic Button
25%
🟦 Pipe Dream
25%
🟦 Reason
25%
◆ | 🟦 Ridge Run
25%
🟢 Ridgeview
25%
Roundabout
25%
🟦 Sassafras
25%
◆🌲 Scarecrow
25%
Skye Hawk
25%
🟢 Skyewalker
25%
🟢 Snowshed Slope
25%
◆🌲 Somewhere
25%
⧫⧫ Space Walk
25%
Spillway
25%
🟦 Stash Way
25%
🟦 The Stash
25%
◆🌲 The Throne
25%
🟢🌲 Treezy
25%
🟦 Vagabond
25%
🟦 Alpine Training Venue
0%
🟢 Bear View
0%
🟦 Blue Heaven
0%
Breakaway
0%
🟦 Chunnel
0%
🟦 Cruise Control
0%
🟦 Edgemont
0%
🟦 Fall Line
0%
🟢 Field Goal
0%
🟦 FIS
0%
🟦 Frolic
0%
🟦 Grizzly
0%
Helter Skelter
0%
🟦 High Traverse
0%
🟢 Idler
0%
🟢 Lil Stash
0%
🟦 Nivis Walk
0%
Old Superstar
0%
◆🌲 Patsy's
0%
Powerline
0%
🟢 Rendezvous
0%
◆🌲 Roundabout Glade
0%
🟦 Shorty
0%
🟢 South Ridge Link
0%
🟦🌲 Squeeze Play
0%
Stitch Line
0%
🟢 Sun Dog
0%
🟢 Sunrise Trail
0%
🟦 Superpipe
0%
Thimble
0%
🟦 Timberline
0%
◆🌲 Tin Man
0%
🟢 Trail Creek
0%
🟦🌲 Twister
0%
🟢 Yodeler
0%
No matching quizzes found
Score Distribution
Percent of People with Each Score
Percentile by Number Answered
Your Score History
You have not taken this quiz